Elementary mechanics of solids (Record no. 4447)

000 -LEADER
fixed length control field 00558nam a2200217 a 4500
001 - CONTROL NUMBER
control field 4447
003 - CONTROL NUMBER IDENTIFIER
control field BD-DhUET
008 - FIXED-LENGTH DATA ELEMENTS--GENERAL INFORMATION
fixed length control field 810420t19811980nyua b 001 0 eng
020 ## - INTERNATIONAL STANDARD BOOK NUMBER
International Standard Book Number 085226819X
040 ## - CATALOGING SOURCE
Original cataloging agency DLC
Transcribing agency DLC
Modifying agency BD-DhUET
082 ## - DEWEY DECIMAL CLASSIFICATION NUMBER
Classification number 531
Item number SIN/1980
100 ## - MAIN ENTRY--PERSONAL NAME
Personal name Singh, Pashupati Nath
245 10 - TITLE STATEMENT
Title Elementary mechanics of solids
250 ## - EDITION STATEMENT
Edition statement 1st ed.
260 ## - PUBLICATION, DISTRIBUTION, ETC. (IMPRINT)
Place of publication, distribution, etc. New Delhi
Name of publisher, distributor, etc. Wiley Eastern
Date of publication, distribution, etc. 1980
300 ## - PHYSICAL DESCRIPTION
Extent xvi, 616p.
Other physical details ill.
504 ## - BIBLIOGRAPHY, ETC. NOTE
Bibliography, etc Includes bibliographies
650 #0 - SUBJECT ADDED ENTRY--TOPICAL TERM
Topical term or geographic name as entry element Mechanics of solids
700 ## - ADDED ENTRY--PERSONAL NAME
Personal name Jha, Prem Kumar
942 ## - ADDED ENTRY ELEMENTS (KOHA)
Koha item type General Book
Holdings
Koha date last seen Koha normalized classification for sorting Shelving location Sublocation or collection (holding branch) Lost status Price effective from Copy number Withdrawn status Source of classification or shelving scheme Damaged status Not for loan Date acquired Koha full call number Koha item type Piece designation (barcode) Location (home branch)
2014-11-16531_000000000000000_SIN_1980Circulation sectionCentral Library, BUET 2014-11-161    2014-11-16531/SIN/1980General Book59249Central Library, BUET
2015-03-10531_000000000000000_SIN_1980Circulation sectionCentral Library, BUET 2015-03-102    2015-03-10531/SIN/1980General Book59250Central Library, BUET
2015-03-10531_000000000000000_SIN_1980Circulation sectionCentral Library, BUET 2015-03-103    2015-03-10531/SIN/1980General Book59252Central Library, BUET
2015-03-10531_000000000000000_SIN_1980Circulation sectionCentral Library, BUET 2015-03-104    2015-03-10531/SIN/1980General Book59245Central Library, BUET
2015-03-10531_000000000000000_SIN_1980Circulation sectionCentral Library, BUET 2015-03-105    2015-03-10531/SIN/1980General Book59246Central Library, BUET
2015-03-11531_000000000000000_SIN_1980 Central Library, BUET 2015-03-116    2015-03-11531/SIN/1980General Book Central Library, BUET
2015-03-11531_000000000000000_SIN_1980Circulation sectionCentral Library, BUET 2015-03-117    2015-03-11531/SIN/1980General Book59248Central Library, BUET
2015-03-11531_000000000000000_SIN_1980Circulation sectionCentral Library, BUET 2015-03-118    2015-03-11531/SIN/1980General Book57348Central Library, BUET
2016-03-27531_000000000000000_SIN_1980Circulation sectionCentral Library, BUET 2015-03-229    2015-03-22531/SIN/1980General Book55367Central Library, BUET
2015-06-08531_000000000000000_SIN_1980Reading sectionCentral Library, BUET 2015-06-0810    2015-06-08531/SIN/1980Reading Item59244Central Library, BUET
2015-06-08531_000000000000000_SIN_1980Reading sectionCentral Library, BUET 2015-06-0811    2015-06-08531/SIN/1980Reading Item59243Central Library, BUET